000 00443nmm a2200157Ia 4500
008 251105s9999||||xx |||||||||||||||||und||
020 _a9789560104533
041 _aspa
100 _aMoreno, Rosario
245 0 _aCuentos bipolares
264 _a[Santiago de Chile, Chile] :
_bRil editores,
_c2017
300 _a196 páginas
650 _aLatin American narrative
856 _uhttps://public.digitaliapublishing.com/a/50389
942 _cCF
999 _c93866
_d93866